Patrologiae Cursus Completus
Wedi'i Gadw mewn:
| Prif Awdur: | |
|---|---|
| Fformat: | Llyfr |
| Iaith: | Lladin |
| Cyhoeddwyd: |
París
Excudebat Migne
1844
|
| Rhifyn: | 1a. ed |
| Cyfres: | Series Prima
|
| Pynciau: | |
| Tagiau: |
Ychwanegu Tag
Dim Tagiau, Byddwch y cyntaf i dagio'r cofnod hwn!
|
MARC
| LEADER | 00000cam a2200000 a 4500 | ||
|---|---|---|---|
| 001 | UCD2115 | ||
| 003 | CL-VaPUC | ||
| 008 | 160414e18440000fr |||||||||||||||||lat|d | ||
| 082 | 0 | 4 | |a 270 |b MIG |2 21 |
| 100 | |a Migne, Jacques-Paul |e autor |9 585378 | ||
| 245 | 1 | 0 | |a Patrologiae Cursus Completus |
| 250 | |a 1a. ed | ||
| 300 | |a t | ||
| 942 | |c BK | ||
| 945 | |d 20160414 22:20:00 |a dcastane | ||
| 260 | |a París |b Excudebat Migne |c 1844 | ||
| 500 | |a t.1: siglo 2-3. Quinti Septimii Florentis Tertulliani. Opera omnia | ||
| 500 | |a t.2: siglo 2. Quinti Septimii Florentis Tertulliani. Opera Omnia | ||
| 500 | |a t.3: siglos 2-3. Minorum Patrum: Qui seculo tertio floruerunt in ecclesia latina. Opera Minucii felices | ||
| 500 | |a t.4: siglo 3. Sancti Thascii Cecilii Cypriani. Opera Omnia | ||
| 500 | |a t.5: siglo 3. Arnobii, Afri. Opera Omnia | ||
| 500 | |a t.6: siglo 3. Lactantii. Opera Omnia | ||
| 500 | |a t.7: siglo 3. Lactantii. Opera Omnia | ||
| 500 | |a t.8: siglo 4. Constantini Magni, Victorini | ||
| 500 | |a t.9: siglo 4. Sancti Hilarii. Pictaviensis Episcopi. Opera Omnia. vol. 1 | ||
| 500 | |a t.10: siglo 4. Sancti Hilarii. Pictaviensis Episcopi. Opera Omnia. vol. 2 | ||
| 500 | |a t.11: siglo 4. Sanctorum Zenonis et Optati. Opera Omnia | ||
| 500 | |a t.12: siglo 4. Sancti Eusebii Episcopi Vercellensis. Opera Omnia | ||
| 500 | |a t.13: siglo 4. Sanctorum Damasi Papae et paciani. Negnon Luciferi Episcopi Calaritani. Opera Omnia | ||
| 500 | |a t.14: siglo 4. Sancti Ambrosii Mediolanensis Episcopi. Opera Omnia. vol.1 | ||
| 500 | |a t.15: siglo 4. Sancti Ambrosii Mediolanensis Episcopi. Opera Omnia. vol.2 | ||
| 500 | |a t.16: siglo 4. Sancti Ambrosii Mediolanensis Episcopi. Opera Omnia. vol.2 | ||
| 500 | |a t.17: siglo 4. Sancti Ambrosii Mediolanensis Episcopi. Opera Omnia. vol.2 | ||
| 500 | |a t.19. siglo 4. Poetarum Christianorum. Opera Omnia | ||
| 500 | |a t.20: siglo 5. Scriptorum Ecclesiasticorum. Opera Omnia | ||
| 500 | |a t.21: siglo 5. Tyranii Rufini. Opera Omnia | ||
| 500 | |a t.22: siglo 4: Sancti Eusebii Hieronymii. Opera Omnia. vol. 1 | ||
| 500 | |a t.23: siglo 4. Sancti Eusebii Hieronymii. Opera Omnia. vol. 2-3 | ||
| 500 | |a t.25: siglo 4. Sancti Eusebii Hieronymii. Opera Omnia. vol. 5-6 | ||
| 500 | |a t.26: siglo 4. Sancti Eusebii Hieronymii. Opera Omnia. vol. 7 | ||
| 500 | |a t.27: siglo 4. Sancti Eusebii Hieronymii. Opera Omnia. vol. 8 | ||
| 500 | |a t.28: siglo 4. Sancti Eusebii Hieronymii. Opera Omnia. vol. 9 | ||
| 500 | |a t.29: siglo 4. Sancti Eusebii Hieronymii. Opera Omnia. vol. 10 | ||
| 500 | |a t.30: siglo 4. Sancti Eusebii Hieronymii. Opera Omnia. vol. 11 | ||
| 500 | |a t.31: siglo 4. Pauli Orosii. Opera Omnia | ||
| 500 | |a t.32: siglo 4-5. Sancti Aurelii Augustini. Opera Omnia. vol. 1 | ||
| 500 | |a t.33: siglo 4-5. Sancti Aurelii Augustini. Opera Omnia. vol. 2 | ||
| 500 | |a t.34: siglo 4-5. Sancti Aurelii Augustini. Opera Omnia. vol. 3 | ||
| 500 | |a t.35: siglo 4-5. Sancti Aurelii Augustini. Opera Omnia. vol. 3 | ||
| 500 | |a t.36: siglo 4-5. Sancti Aurelii Augustini. Opera Omnia. vol. 4 p.1 | ||
| 500 | |a t.37: siglo 4-5. Sancti Aurelii Augustini. Opera Omnia. vol. 4 p.2 | ||
| 500 | |a t.38: siglo 4-5. Sancti Aurelii Augustini. Opera Omnia. vol. 5 p.1 | ||
| 500 | |a t.39: siglo 4-5. Sancti Aurelii Augustini. Opera Omnia. vol. 5 p.2 | ||
| 500 | |a t.40: siglo 4-5. Sancti Aurelii Augustini. Opera Omnia. vol. 6 | ||
| 500 | |a t.41: siglo 4-5. Sancti Aurelii Augustini. Opera Omnia. vol. 7 | ||
| 500 | |a t.42: siglo 4-5. Sancti Aurelii Augustini. Opera Omnia. vol. 8 | ||
| 500 | |a t.43: siglo 4-5. Sancti Aurelii Augustini. Opera Omnia. vol. 9 | ||
| 500 | |a t.44: siglo 4-5. Sancti Aurelii Augustini. Opera Omnia. vol. 10 p.1 | ||
| 500 | |a t.45: siglo 4-5. Sancti Aurelii Augustini. Opera Omnia. vol. 10 p.2 | ||
| 500 | |a t.46: siglo 4-5. Sancti Aurelii Augustini. Opera Omnia. vol. 11 | ||
| 500 | |a t.47: siglo 4-5. Sancti Aurelii Augustini. Opera Omnia. | ||
| 600 | 0 | 7 | |a TERTULIANO |2 CL-VaPUC |9 531703 |
| 600 | 0 | 7 | |a SAN CIPRIANO |2 CL-VaPUC |9 269312 |
| 600 | 0 | 7 | |a DIONISIO ALEJANDRINO |2 CL-VaPUC |9 513926 |
| 600 | 0 | |a Constantino |9 398355 | |
| 600 | 0 | 7 | |a SAN HILARIO |2 CL-VaPUC |9 558781 |
| 600 | 0 | 7 | |a ZENON |2 CL-VaPUC |9 585372 |
| 600 | 0 | 7 | |a SAN EUSEBIO DE VERCELLI |2 CL-VaPUC |9 558749 |
| 600 | 0 | 7 | |a SAN DAMASO I |2 CL-VaPUC |9 558750 |
| 600 | 0 | 7 | |a SAN AMBROSIO |2 CL-VaPUC |9 349370 |
| 600 | 0 | 7 | |a SAN JERONIMO |2 CL-VaPUC |9 267957 |
| 600 | 0 | |a Agustín de Hipona |c Santo |d 354-430 |9 315524 | |
| 650 | 0 | |a Patrología |9 349346 | |
| 650 | 0 | |a Padres de la Iglesia |9 313352 | |
| 583 | |a last modification |c 20160414 22:20:00 |k Rodrigo Vera | ||
| 490 | 0 | |a Series Prima | |
| 999 | |c 363310 |d 363308 | ||
| 952 | |0 0 |1 0 |3 erd |4 0 |6 270_000000000000000_MIG_1844 |7 0 |8 X |9 475236 |a BIBTEO |b BIBTEO |c TEO_FFR |h t.1 |i 5221315 |o 270 MIG 1844 |p 5221315 |r 2024-01-18 |w 2019-11-24 |y BK_X |z Catalogado en:20160414 |k OFM | ||
| 952 | |0 0 |1 0 |3 erd |4 0 |6 270_000000000000000_MIG_1844 |7 0 |8 X |9 475237 |a BIBTEO |b BIBTEO |c TEO_FFR |h t.2 |i 5221323 |o 270 MIG 1844 |p 5221323 |r 2024-01-18 |w 2019-11-24 |y BK_X |z Catalogado en:20160414 |k OFM | ||
| 952 | |0 0 |1 0 |3 erd |4 0 |6 270_000000000000000_MIG_1844 |7 0 |8 X |9 475238 |a BIBTEO |b BIBTEO |c TEO_FFR |h t.3 |i 5221331 |o 270 MIG 1844 |p 5221331 |r 2024-01-18 |w 2019-11-24 |y BK_X |z Catalogado en:20160414 |k OFM | ||
| 952 | |0 0 |1 0 |3 erd |4 0 |6 270_000000000000000_MIG_1844 |7 0 |8 X |9 475239 |a BIBTEO |b BIBTEO |c TEO_FFR |h t.4 |i 5221307 |o 270 MIG 1844 |p 5221307 |r 2024-01-18 |w 2019-11-24 |y BK_X |z Catalogado en:20160414 |k OFM | ||
| 952 | |0 0 |1 0 |3 erd |4 0 |6 270_000000000000000_MIG_1844 |7 0 |8 X |9 475240 |a BIBTEO |b BIBTEO |c TEO_FFR |h t.5 |i 5221277 |o 270 MIG 1844 |p 5221277 |r 2024-01-18 |w 2019-11-24 |y BK_X |z Catalogado en:20160414 |k OFM | ||
| 952 | |0 0 |1 0 |3 erd |4 0 |6 270_000000000000000_MIG_1844 |7 0 |8 X |9 475241 |a BIBTEO |b BIBTEO |c TEO_FFR |h t.6 |i 5221285 |o 270 MIG 1844 |p 5221285 |r 2024-01-18 |w 2019-11-24 |y BK_X |z Catalogado en:20160414 |k OFM | ||
| 952 | |0 0 |1 0 |3 erd |4 0 |6 270_000000000000000_MIG_1844 |7 0 |8 X |9 475242 |a BIBTEO |b BIBTEO |c TEO_FFR |h t.7 |i 5221293 |o 270 MIG 1844 |p 5221293 |r 2024-01-18 |w 2019-11-24 |y BK_X |z Catalogado en:20160414 |k OFM | ||
| 952 | |0 0 |1 0 |3 erd |4 0 |6 270_000000000000000_MIG_1844 |7 0 |8 X |9 475243 |a BIBTEO |b BIBTEO |c TEO_FFR |h t.8 |i 5221501 |o 270 MIG 1844 |p 5221501 |r 2024-01-18 |w 2019-11-24 |y BK_X |z Catalogado en:20160414 |k OFM | ||
| 952 | |0 0 |1 0 |3 erd |4 0 |6 270_000000000000000_MIG_1844 |7 0 |8 X |9 475244 |a BIBTEO |b BIBTEO |c TEO_FFR |h t.9 |i 522165K |o 270 MIG 1844 |p 522165K |r 2024-01-18 |w 2019-11-24 |y BK_X |z Catalogado en:20160414 |k OFM | ||
| 952 | |0 0 |1 0 |3 erd |4 0 |6 270_000000000000000_MIG_1844 |7 0 |8 X |9 475245 |a BIBTEO |b BIBTEO |c TEO_FFR |h t.10 |i 5221668 |o 270 MIG 1844 |p 5221668 |r 2024-01-18 |w 2019-11-24 |y BK_X |z Catalogado en:20160414 |k OFM | ||
| 952 | |0 0 |1 0 |3 erd |4 0 |6 270_000000000000000_MIG_1844 |7 0 |8 X |9 475246 |a BIBTEO |b BIBTEO |c TEO_FFR |h t.11 |i 5221684 |o 270 MIG 1844 |p 5221684 |r 2024-01-18 |w 2019-11-24 |y BK_X |z Catalogado en:20160414 |k OFM | ||
| 952 | |0 0 |1 0 |3 erd |4 0 |6 270_000000000000000_MIG_1844 |7 0 |8 X |9 475247 |a BIBTEO |b BIBTEO |c TEO_FFR |h t.12 |i 5221552 |o 270 MIG 1844 |p 5221552 |r 2024-01-18 |w 2019-11-24 |y BK_X |z Catalogado en:20160414 |k OFM | ||
| 952 | |0 0 |1 0 |3 erd |4 0 |6 270_000000000000000_MIG_1844 |7 0 |8 X |9 475248 |a BIBTEO |b BIBTEO |c TEO_FFR |h t.13 |i 5221609 |o 270 MIG 1844 |p 5221609 |r 2024-01-18 |w 2019-11-24 |y BK_X |z Catalogado en:20160414 |k OFM | ||
| 952 | |0 0 |1 0 |3 erd |4 0 |6 270_000000000000000_MIG_1844 |7 0 |8 X |9 475249 |a BIBTEO |b BIBTEO |c TEO_FFR |h t.14 |i 522151K |o 270 MIG 1844 |p 522151K |r 2024-01-18 |w 2019-11-24 |y BK_X |z Catalogado en:20160414 |k OFM | ||
| 952 | |0 0 |1 0 |3 erd |4 0 |6 270_000000000000000_MIG_1844 |7 0 |8 X |9 475250 |a BIBTEO |b BIBTEO |c TEO_FFR |h t.15 |i 5221528 |o 270 MIG 1844 |p 5221528 |r 2024-01-18 |w 2019-11-24 |y BK_X |z Catalogado en:20160414 |k OFM | ||
| 952 | |0 0 |1 0 |3 erd |4 0 |6 270_000000000000000_MIG_1844 |7 0 |8 X |9 475251 |a BIBTEO |b BIBTEO |c TEO_FFR |h t.16 |i 5221536 |o 270 MIG 1844 |p 5221536 |r 2024-01-18 |w 2019-11-24 |y BK_X |z Catalogado en:20160414 |k OFM | ||
| 952 | |0 0 |1 0 |3 erd |4 0 |6 270_000000000000000_MIG_1844 |7 0 |8 X |9 475252 |a BIBTEO |b BIBTEO |c TEO_FFR |h t.17 |i 5221544 |o 270 MIG 1844 |p 5221544 |r 2024-01-18 |w 2019-11-24 |y BK_X |z Catalogado en:20160414 |k OFM | ||
| 952 | |0 0 |1 0 |3 erd |4 0 |6 270_000000000000000_MIG_1844 |7 0 |8 X |9 475253 |a BIBTEO |b BIBTEO |c TEO_FFR |h t.19 |i 5221676 |o 270 MIG 1844 |p 5221676 |r 2024-01-18 |w 2019-11-24 |y BK_X |z Catalogado en:20160414 |k OFM | ||
| 952 | |0 0 |1 0 |3 erd |4 0 |6 270_000000000000000_MIG_1844 |7 0 |8 X |9 475254 |a BIBTEO |b BIBTEO |c TEO_FFR |h t.20 |i 5221692 |o 270 MIG 1844 |p 5221692 |r 2024-01-18 |w 2019-11-24 |y BK_X |z Catalogado en:20160414 |k OFM | ||
| 952 | |0 0 |1 0 |3 erd |4 0 |6 270_000000000000000_MIG_1844 |7 0 |8 X |9 475255 |a BIBTEO |b BIBTEO |c TEO_FFR |h t.22 |i 5221560 |o 270 MIG 1844 |p 5221560 |r 2024-01-18 |w 2019-11-24 |y BK_X |z Catalogado en:20160414 |k OFM | ||
| 952 | |0 0 |1 0 |3 erd |4 0 |6 270_000000000000000_MIG_1844 |7 0 |8 X |9 475256 |a BIBTEO |b BIBTEO |c TEO_FFR |h t.23 |i 5221579 |o 270 MIG 1844 |p 5221579 |r 2024-01-18 |w 2019-11-24 |y BK_X |z Catalogado en:20160414 |k OFM | ||
| 952 | |0 0 |1 0 |3 erd |4 0 |6 270_000000000000000_MIG_1844 |7 0 |8 X |9 475257 |a BIBTEO |b BIBTEO |c TEO_FFR |h t.25 |i 5221587 |o 270 MIG 1844 |p 5221587 |r 2024-01-18 |w 2019-11-24 |y BK_X |z Catalogado en:20160414 |k OFM | ||
| 952 | |0 0 |1 0 |3 erd |4 0 |6 270_000000000000000_MIG_1844 |7 0 |8 X |9 475258 |a BIBTEO |b BIBTEO |c TEO_FFR |h t.26 |i 5221595 |o 270 MIG 1844 |p 5221595 |r 2024-01-18 |w 2019-11-24 |y BK_X |z Catalogado en:20160414 |k OFM | ||
| 952 | |0 0 |1 0 |3 erd |4 0 |6 270_000000000000000_MIG_1844 |7 0 |8 X |9 475259 |a BIBTEO |b BIBTEO |c TEO_FFR |h t.27 |i 5221617 |o 270 MIG 1844 |p 5221617 |r 2024-01-18 |w 2019-11-24 |y BK_X |z Catalogado en:20160414 |k OFM | ||
| 952 | |0 0 |1 0 |3 erd |4 0 |6 270_000000000000000_MIG_1844 |7 0 |8 X |9 475260 |a BIBTEO |b BIBTEO |c TEO_FFR |h t.28 |i 5221625 |o 270 MIG 1844 |p 5221625 |r 2024-01-18 |w 2019-11-24 |y BK_X |z Catalogado en:20160414 |k OFM | ||
| 952 | |0 0 |1 0 |3 erd |4 0 |6 270_000000000000000_MIG_1844 |7 0 |8 X |9 475261 |a BIBTEO |b BIBTEO |c TEO_FFR |h t.29 |i 5221633 |o 270 MIG 1844 |p 5221633 |r 2024-01-18 |w 2019-11-24 |y BK_X |z Catalogado en:20160414 |k OFM | ||
| 952 | |0 0 |1 0 |3 erd |4 0 |6 270_000000000000000_MIG_1844 |7 0 |8 X |9 475262 |a BIBTEO |b BIBTEO |c TEO_FFR |h t.30 |i 5221641 |o 270 MIG 1844 |p 5221641 |r 2024-01-18 |w 2019-11-24 |y BK_X |z Catalogado en:20160414 |k OFM | ||
| 952 | |0 0 |1 0 |3 erd |4 0 |6 270_000000000000000_MIG_1844 |7 0 |8 X |9 475263 |a BIBTEO |b BIBTEO |c TEO_FFR |h t.32 |i 522134K |o 270 MIG 1844 |p 522134K |r 2024-01-18 |w 2019-11-24 |y BK_X |z Catalogado en:20160414 |k OFM | ||
| 952 | |0 0 |1 0 |3 erd |4 0 |6 270_000000000000000_MIG_1844 |7 0 |8 X |9 475264 |a BIBTEO |b BIBTEO |c TEO_FFR |h t.33 |i 5221358 |o 270 MIG 1844 |p 5221358 |r 2024-01-18 |w 2019-11-24 |y BK_X |z Catalogado en:20160414 |k OFM | ||
| 952 | |0 0 |1 0 |3 erd |4 0 |6 270_000000000000000_MIG_1844 |7 0 |8 X |9 475265 |a BIBTEO |b BIBTEO |c TEO_FFR |h t.34 |i 5221366 |o 270 MIG 1844 |p 5221366 |r 2024-01-18 |w 2019-11-24 |y BK_X |z Catalogado en:20160414 |k OFM | ||
| 952 | |0 0 |1 0 |3 erd |4 0 |6 270_000000000000000_MIG_1844 |7 0 |8 X |9 475266 |a BIBTEO |b BIBTEO |c TEO_FFR |h t.35 |i 5221374 |o 270 MIG 1844 |p 5221374 |r 2024-01-18 |w 2019-11-24 |y BK_X |z Catalogado en:20160414 |k OFM | ||
| 952 | |0 0 |1 0 |3 erd |4 0 |6 270_000000000000000_MIG_1844 |7 0 |8 X |9 475267 |a BIBTEO |b BIBTEO |c TEO_FFR |h t.36 |i 5221382 |o 270 MIG 1844 |p 5221382 |r 2024-01-18 |w 2019-11-24 |y BK_X |z Catalogado en:20160414 |k OFM | ||
| 952 | |0 0 |1 0 |3 erd |4 0 |6 270_000000000000000_MIG_1844 |7 0 |8 X |9 475268 |a BIBTEO |b BIBTEO |c TEO_FFR |h t.37 |i 5221404 |o 270 MIG 1844 |p 5221404 |r 2024-01-18 |w 2019-11-24 |y BK_X |z Catalogado en:20160414 |k OFM | ||
| 952 | |0 0 |1 0 |3 erd |4 0 |6 270_000000000000000_MIG_1844 |7 0 |8 X |9 475269 |a BIBTEO |b BIBTEO |c TEO_FFR |h t.38 |i 5221390 |o 270 MIG 1844 |p 5221390 |r 2024-01-18 |w 2019-11-24 |y BK_X |z Catalogado en:20160414 |k OFM | ||
| 952 | |0 0 |1 0 |3 erd |4 0 |6 270_000000000000000_MIG_1844 |7 0 |8 X |9 475270 |a BIBTEO |b BIBTEO |c TEO_FFR |h t.39 |i 5221412 |o 270 MIG 1844 |p 5221412 |r 2024-01-18 |w 2019-11-24 |y BK_X |z Catalogado en:20160414 |k OFM | ||
| 952 | |0 0 |1 0 |3 erd |4 0 |6 270_000000000000000_MIG_1844 |7 0 |8 X |9 475271 |a BIBTEO |b BIBTEO |c TEO_FFR |h t.40 |i 5221420 |o 270 MIG 1844 |p 5221420 |r 2024-01-18 |w 2019-11-24 |y BK_X |z Catalogado en:20160414 |k OFM | ||
| 952 | |0 0 |1 0 |3 erd |4 0 |6 270_000000000000000_MIG_1844 |7 0 |8 X |9 475272 |a BIBTEO |b BIBTEO |c TEO_FFR |h t.41 |i 5221439 |o 270 MIG 1844 |p 5221439 |r 2024-01-18 |w 2019-11-24 |y BK_X |z Catalogado en:20160414 |k OFM | ||
| 952 | |0 0 |1 0 |3 erd |4 0 |6 270_000000000000000_MIG_1844 |7 0 |8 X |9 475273 |a BIBTEO |b BIBTEO |c TEO_FFR |h t.42 |i 5221447 |o 270 MIG 1844 |p 5221447 |r 2024-01-18 |w 2019-11-24 |y BK_X |z Catalogado en:20160414 |k OFM | ||
| 952 | |0 0 |1 0 |3 erd |4 0 |6 270_000000000000000_MIG_1844 |7 0 |8 X |9 475274 |a BIBTEO |b BIBTEO |c TEO_FFR |h t.43 |i 5221455 |o 270 MIG 1844 |p 5221455 |r 2024-01-18 |w 2019-11-24 |y BK_X |z Catalogado en:20160414 |k OFM | ||
| 952 | |0 0 |1 0 |3 erd |4 0 |6 270_000000000000000_MIG_1844 |7 0 |8 X |9 475275 |a BIBTEO |b BIBTEO |c TEO_FFR |h t.44 |i 5221471 |o 270 MIG 1844 |p 5221471 |r 2024-01-18 |w 2019-11-24 |y BK_X |z Catalogado en:20160414 |k OFM | ||
| 952 | |0 0 |1 0 |3 erd |4 0 |6 270_000000000000000_MIG_1844 |7 0 |8 X |9 475276 |a BIBTEO |b BIBTEO |c TEO_FFR |h t.45 |i 522148K |o 270 MIG 1844 |p 522148K |r 2024-01-18 |w 2019-11-24 |y BK_X |z Catalogado en:20160414 |k OFM | ||
| 952 | |0 0 |1 0 |3 erd |4 0 |6 270_000000000000000_MIG_1844 |7 0 |8 X |9 475277 |a BIBTEO |b BIBTEO |c TEO_FFR |h t.46 |i 5221463 |o 270 MIG 1844 |p 5221463 |r 2024-01-18 |w 2019-11-24 |y BK_X |z Catalogado en:20160414 |k OFM | ||
| 952 | |0 0 |1 0 |3 erd |4 0 |6 270_000000000000000_MIG_1844 |7 0 |8 X |9 475278 |a BIBTEO |b BIBTEO |c TEO_FFR |h t.47 |i 5221498 |o 270 MIG 1844 |p 5221498 |r 2024-01-18 |w 2019-11-24 |y BK_X |z Catalogado en:20160414 |k OFM | ||
| 952 | |0 0 |1 0 |3 erd |4 0 |6 270_000000000000000_MIG_1844 |7 0 |8 X |9 475279 |a BIBTEO |b BIBTEO |c TEO_FFR |h t.31 |i 5222494 |o 270 MIG 1844 |p 5222494 |r 2024-01-18 |w 2019-11-24 |y BK_X |z Catalogado en:20160414 |k OFM | ||
| 952 | |0 0 |1 0 |3 erd |4 0 |6 270_000000000000000_MIG_1844 |7 0 |8 X |9 475280 |a BIBTEO |b BIBTEO |c TEO_FFR |h t.21 |i 5221706 |o 270 MIG 1844 |p 5221706 |r 2024-01-18 |w 2019-11-24 |y BK_X |z Catalogado en:20160421 |k OFM | ||